LEADER 00869nam0-2200301 --450 001 9910408259903321 005 20200714124629.0 010 $a978-88-575-6019-9 100 $a20200714d2019----km y0itay50 ba 101 0 $aita 102 $aIT 105 $ay 001yy 200 1 $aFra Panikkar e Jung$eun nuovo umanesimo interculturale$fGiuseppe Cognetti 210 $aMilano$aUdine$cMimesis$d2019 215 $a333 p.$d21 cm 225 1 $aTriquetra$v9 300 $aScritti in parte già pubblicati 610 0 $aJung, Carl Gustav 610 0 $aPanikkar, Raimon 676 $a109.2$v23$zita 700 1$aCognetti,$bGiuseppe$f<1953- >$0320874 801 0$aIT$bUNINA$gREICAT$2UNIMARC 901 $aBK 912 $a9910408259903321 952 $aCollez. 2535 (9)$b525/2020$fFSPBC 959 $aFSPBC 996 $aFra Panikkar e Jung$91753325 997 $aUNINA LEADER 01042nam a22002771i 4500 001 991001968489707536 005 20040112103019.0 008 040407s1932 fr |||||||||||||||||fre 035 $ab12850792-39ule_inst 035 $aARCHE-083041$9ExL 040 $aDip.to Scienze Storiche$bita$cA.t.i. Arché s.c.r.l. Pandora Sicilia s.r.l. 082 04$a189 100 1 $aCapelle, Germaine Catherine$0485636 245 10$aAmaury de Bène :$bétude sur son panthéisme formel /$cpar G.C. Capelle ; préface par Etienne Gilson 260 $aParis :$bVrin,$c1932 300 $a118 p. ;$c24 cm 440 0$aAutour du décret de 1210 ;$v3 440 0$aBibliothèque thomiste ;$v16 650 4$aTomismo 650 4$aPanteismo 907 $a.b12850792$b02-04-14$c16-04-04 912 $a991001968489707536 945 $aLE009 MSM VII Coll. 4/16$cV. 3$g1$i2009000187368$lle009$o-$pE0.00$q-$rn$so $t0$u0$v0$w0$x0$y.i13408410$z16-04-04 996 $aAmaury de Bène$9302542 997 $aUNISALENTO 998 $ale009$b16-04-04$cm$da $e-$ffre$gfr $h0$i1